| 000 | 00827nam a2200241 i 4500 | ||
|---|---|---|---|
| 001 | bg | ||
| 100 | 1 | _aPRAŻEWSKA, Mieczysława | |
| 245 | 1 | 0 |
_aNiezawodność wyrobów : _bzarządzanie i prognozowanie w zastosowaniach przemysłowych / _cMieczysława Prażewska, Ludomir Tuszyński. |
| 260 |
_aKielce : _bDział Wydawnictw PŚ, _c1994. |
||
| 300 |
_a213 s. : _bwykr. ; _c24 cm. |
||
| 490 | 1 |
_aSkrypty / Politechnika Świętokrzyska, _x0239-6386 ; _v255 |
|
| 504 | _aBibliogr. przy rozdz. | ||
| 650 | 9 |
_aNiezawodność urządzeń _xprognozy |
|
| 650 | 9 | _aDecyzje | |
| 655 | _aPodręczniki akademickie | ||
| 700 | 1 | _aTUSZYŃSKI, Ludomir | |
| 830 | 0 |
_aSkrypty (Politechnika Świętokrzyska) ; _v255 |
|
| 040 | _cBPK | ||
| 041 | 0 | _apl | |
| 080 | _a62-192:519.87 | ||
| 942 | _cKS | ||
| 008 | s pl f |000 0 pol | ||
| 999 |
_c6677 _d6677 |
||
| 856 |
_uhttp://koha.tu.koszalin.pl/cgi-bin/koha/opac-detail.pl?biblionumber=6677 _yKatalog online BPK |
||